01011cam a22002891 4500999001700000001000800017003000900025005001700034008004100051035001900092040004500111082002000156100004200176245003700218264004300255300002300298336002600321337002800347338002700375650001000402651006000412651004600472653002600518655004300544942001200587952012200599 c13143d131439843614EG-ScBUE20210130103410.0770201s1962 nyu f 000 1 eng d a(OCoLC)2713090 aDLCbengerdacOTUdOCoLCdDLCdEG-ScBUE04a813.54bTUL2221 aTully, Andrew,d1914-eauthor.91039110aCapitol hill /cby Andrew Tully. 1aNew York :bSimon and Schuster,c1962. a412 pages ;c22 cm 2rdacontentatextbtxt 2rdamediaaunmediatedbn 2rdacarrieravolumebnc 2BUEsh 7aCapitol Hill (Washington, D.C.)vFiction.2BUEsh910392 7aWashington (D.C.)vFiction.2BUEsh910393 bHHUUEENNcJanuary2021 7aPolitical fiction.2lcshvReading book 2ddccBB 00102ddc40708 aMAINbMAINc2NDd2010-01-17eDonationo813.54 TULp000019455r2025-07-15 00:00:00w2010-01-17yBB